[Event "Challenge"]
[Site "http://www.queenalice.com/game.php?id=221010"]
[Date "2007.6.5"]
[Round "-"]
[White "diehexe"]
[Black "valmir"]
[Result "0-1"]
[WhiteElo "1008"]
[BlackElo "1186"]

1. c4 Nc6 2. d4 e6 3. e4 Qf6 4. Nf3 Nh6 5. Bd3 Ng4 6. e5 Qe7 7. c5 Nxd4 8. Nxd4
Qh4 9. Qd2 Bxc5 10. g3 Qh3 11. Bf1 Qh5 12. b4 Qxe5+ 13. Be2 Bxd4 14. Na3 Bxa1
15. O-O Qh5 16. Bxg4 Qxg4 17. Nc2 Bf6 18. Ne3 Qh3 19. Ng2 b6 20. Qc2 Bb7 21. Ne3
Bg5 22. Qxc7 Bf3 23. Bb2 Bxe3 24. Re1 Qg2# 0-1

[Event "Challenge"]
[Site "http://www.queenalice.com/game.php?id=221467"]
[Date "2007.6.6"]
[Round "-"]
[White "pitchman2"]
[Black "diehexe"]
[Result "1-0"]
[WhiteElo "1500"]
[BlackElo "976"]

1. e4 e5 2. f4 Bd6 3. Nf3 Nf6 4. d3 c5 5. h3 b5 6. fxe5 Qa5+ 7. Bd2 b4 8. exd6
Nc6 9. e5 Nh5 10. Kf2 Nd4 11. Nxd4 cxd4 12. Qxh5 Qd8 13. Bg5 Qb6 14. Be7 Qc6 15.
Qd1 Qd5 16. Qe1 Qe6 17. Qe4 Rb8 18. Qxd4 Qf5+ 19. Ke1 a5 20. Be2 Bb7 21. Rf1 Qg5
22. Bxg5 Bxg2 23. Rf2 Bxh3 24. Qf4 Rc8 25. Qxf7# 1-0

[Event "Challenge"]
[Site "http://www.queenalice.com/game.php?id=222494"]
[Date "2007.6.8"]
[Round "-"]
[White "kloosterveen"]
[Black "diehexe"]
[Result "1-0"]
[WhiteElo "1786"]
[BlackElo "976"]

1. d4 d5 2. e3 c6 3. c4 dxc4 4. Bxc4 Nf6 5. Nf3 e6 6. O-O Bd6 7. a3 Ng4 8. g3
Qf6 9. Nh4 Nh6 10. b4 b5 11. Be2 a5 12. Bb2 O-O 13. Nd2 e5 14. dxe5 Bxe5 15.
Bxe5 Qxe5 16. Bf3 Bh3 17. Bg2 Bxg2 18. Nxg2 axb4 19. axb4 Rxa1 20. Qxa1 Qxa1 21.
Rxa1 Nd7 22. Rc1 Ne5 23. Rc5 Re8 24. Ne1 Nd7 25. Rxc6 Ne5 26. Rb6 Nd7 27. Rxb5
Kf8 28. Nef3 Ng4 29. Rd5 Nb6 30. Rd4 h5 31. Nc4 Rb8 32. Nxb6 Rxb6 33. h3 Nf6 34.
Ng5 Rc6 35. Kg2 h4 36. Rxh4 Rc2 37. Nh7+ Nxh7 38. Rxh7 Kg8 39. Rh4 f6 40. Rd4 g6
41. b5 f5 42. Rb4 Kf8 43. b6 Ke8 44. b7 Kd7 45. b8=Q Rc8 46. Rd4+ Kc6 47. Qxc8+
Kb5 48. Rd1 g5 49. Rb1+ 1-0

[Event "AUTO-BEG-107"]
[Site "http://www.queenalice.com/game.php?id=222659"]
[Date "2007.6.9"]
[Round "1"]
[White "diehexe"]
[Black "lucasboth"]
[Result "0-1"]
[WhiteElo "961"]
[BlackElo "1339"]

1. d4 Nf6 2. Nf3 d5 3. Bf4 Nc6 4. e3 Bf5 5. Nc3 e6 6. Nb5 Bb4+ 7. c3 Ba5 8.
Nxc7+ Bxc7 9. Bg5 O-O 10. b3 h6 11. c4 Ba5+ 12. Ke2 hxg5 13. Nxg5 Bc3 14. Rc1
Qa5 15. h3 Qxa2+ 16. Kf3 Qd2 17. Qxd2 Bxd2 18. Rd1 Nxd4+ 19. exd4 Bxg5 20. g4
Be4+ 21. Ke2 Bxh1 22. c5 Rfe8 0-1

[Event "AUTO-BEG-107"]
[Site "http://www.queenalice.com/game.php?id=222660"]
[Date "2007.6.9"]
[Round "1"]
[White "lucasboth"]
[Black "diehexe"]
[Result "1-0"]
[WhiteElo "1340"]
[BlackElo "959"]

1. e4 e5 2. d4 exd4 3. Nf3 Nc6 4. Nxd4 Bc5 5. Nb3 Nf6 6. Nxc5 Qe7 7. Be3 d6 8.
Nb3 Nxe4 9. Nd4 Ne5 10. Nd2 Bg4 11. Bb5+ c6 12. Be2 O-O 13. Bxg4 Qc7 14. Nxe4
Qa5+ 15. Kf1 d5 16. Nd6 Nc4 17. Nxc4 Qb4 18. Ne5 a5 19. Nf5 Rfe8 20. a3 1-0

[Event "AUTO-BEG-107"]
[Site "http://www.queenalice.com/game.php?id=222661"]
[Date "2007.6.9"]
[Round "1"]
[White "diehexe"]
[Black "lucianoterra"]
[Result "0-1"]
[WhiteElo "913"]
[BlackElo "1381"]

1. d4 e6 2. c3 a5 3. e4 Nf6 4. Nf3 Nxe4 5. Qa4 c6 6. Bd3 Nf6 7. Bf4 b5 8. Qd1 d6
9. c4 e5 10. Bg5 h6 11. dxe5 dxe5 12. Bxf6 gxf6 13. cxb5 Bb4+ 14. Nc3 Bxc3+ 15.
bxc3 Qe7 16. bxc6 Nxc6 17. Bb5 Bd7 18. Nh4 O-O-O 19. Ba6+ Kc7 20. O-O f5 21. Rb1
Nb8 22. Nf3 Nxa6 23. Qd5 Ba4 24. Qxa5+ Kd6 25. Qxa4 Nc5 26. Qb5 Rb8 27. Qe2 Rb7
28. Rbd1+ Kc7 29. Qxe5+ Kc6 30. Qd5+ Kb6 31. a4 Rd8 32. Qxf5 Rxd1 33. Rxd1 Nxa4
0-1

[Event "AUTO-BEG-107"]
[Site "http://www.queenalice.com/game.php?id=222663"]
[Date "2007.6.9"]
[Round "1"]
[White "diehexe"]
[Black "kingtrishul"]
[Result "0-1"]
[WhiteElo "940"]
[BlackElo "1469"]

1. e4 e5 2. c3 Nf6 3. Bc4 d5 4. exd5 Nxd5 5. Nf3 Nc6 6. O-O Bg4 7. d4 Bxf3 8.
Qxf3 Nce7 9. b4 c6 10. dxe5 Ng6 11. Qe3 Nxe3 12. Bxe3 Nxe5 13. Be2 Bd6 14. a4
O-O 15. a5 Qf6 0-1

[Event "AUTO-BEG-107"]
[Site "http://www.queenalice.com/game.php?id=222664"]
[Date "2007.6.9"]
[Round "1"]
[White "kingtrishul"]
[Black "diehexe"]
[Result "1-0"]
[WhiteElo "1467"]
[BlackElo "940"]

1. e4 e5 2. Nf3 Bc5 3. d4 exd4 4. a3 Nf6 5. e5 Ne4 6. b4 Bb6 7. Nxd4 d6 8. Bf4
Bf5 9. Nxf5 Nc6 10. exd6 Qd7 11. dxc7 Qe6 12. Nxg7+ Kf8 13. Nxe6+ fxe6 14. Bd6+
Ke8 15. Qh5+ 1-0

[Event "GAME 2"]
[Site "http://www.queenalice.com/game.php?id=225128"]
[Date "2007.6.15"]
[Round "-"]
[White "diehexe"]
[Black "valmir"]
[Result "0-1"]
[WhiteElo "976"]
[BlackElo "1210"]

1. e4 e5 2. Bd3 Bc5 3. Qh5 Qe7 4. Nf3 g6 5. Qxe5 Kf8 6. Qf4 Bb6 7. O-O f6 8. b3
h5 9. Nh4 Qe8 10. Ba3+ d6 11. Bc4 g5 12. Nf5 gxf4 13. Nxd6 Qd7 14. Nf5+ c5 15.
d4 Na6 16. Nc3 Nh6 17. Ne2 Nxf5 18. c3 Rh7 19. exf5 Qxf5 20. b4 Rg7 21. dxc5 f3
22. Rfd1 fxe2 23. Re1 Qe4 24. f3 Qe3+ 25. Kh1 Qf2 26. cxb6 Qxg2# 0-1

[Event "QA-ANNIV-03"]
[Site "http://www.queenalice.com/game.php?id=225644"]
[Date "2007.6.15"]
[Round "1"]
[White "diehexe"]
[Black "rsgaspar"]
[Result "0-1"]
[WhiteElo "940"]
[BlackElo "1668"]

1. d4 d5 2. e4 dxe4 3. Nc3 Nf6 4. Bc4 h6 5. Bf4 a6 6. Na4 b5 7. Bxf7+ Kxf7 8.
Nc5 e6 9. Nh3 Bxc5 10. dxc5 Bb7 11. O-O Nc6 12. Qe1 e5 13. Rd1 Qe7 14. Be3 Ng4
15. Qe2 Nf6 16. f4 Rad8 17. fxe5 Nxe5 18. Rde1 Nc4 19. Rf4 Rhf8 20. Bc1 Kg8 21.
b3 Na5 22. Be3 Nd5 23. b4 Nxf4 24. Nxf4 Nc4 25. Ng6 Qe6 26. Nh4 Nxe3 27. Qxe3
Qg4 0-1

[Event "AUTO-BEG-111"]
[Site "http://www.queenalice.com/game.php?id=227967"]
[Date "2007.6.20"]
[Round "1"]
[White "diehexe"]
[Black "kanibal"]
[Result "0-1"]
[WhiteElo "958"]
[BlackElo "1211"]

1. d4 d5 2. Qd3 Nc6 3. e4 dxe4 4. Qxe4 Nf6 5. Nf3 Nxe4 6. Bd3 Bf5 7. Bc4 Nxd4 8.
Ng5 Nxg5 9. Na3 h6 10. O-O e6 11. Re1 Bxa3 12. bxa3 Nxc2 13. Be3 Nxa1 14. Rxa1
O-O 15. Rb1 b6 16. a4 Bxb1 0-1

[Event "AUTO-BEG-111"]
[Site "http://www.queenalice.com/game.php?id=227968"]
[Date "2007.6.20"]
[Round "1"]
[White "kanibal"]
[Black "diehexe"]
[Result "1-0"]
[WhiteElo "1218"]
[BlackElo "948"]

1. c4 e5 2. e4 Bc5 3. d3 Qf6 4. Nh3 d6 5. a3 Nh6 6. Be2 Na6 7. Nc3 c6 8. O-O d5
9. cxd5 cxd5 10. Nxd5 Qd6 11. b4 Bd4 12. Rb1 Bd7 13. Ng5 O-O 14. Bh5 1-0